000 00718cam a2200241 4500500
005 20260329005451.0
041 _afre
042 _adc
100 1 0 _ade Oliveira, Victorine
_eauthor
245 0 0 _a“Qu’est-ce que la propriété ?” Le travail capital de Proudhon
260 _c2023.
500 _a31
690 _aAnarchie
690 _aFédéralisme
690 _aLogique
690 _aMutualité
690 _aPropriété
690 _aProudhon
690 _aRaison
690 _aRévolution
786 0 _nPhilosophie magazine | 173 | 10 | 2023-10-01 | p. 42-44 | 1951-1787
856 4 1 _uhttps://shs.cairn.info/magazine-philosophie-magazine-2023-10-page-42?lang=fr&redirect-ssocas=7080
999 _c1843686
_d1843686